Представление документа в формате MARC21

Поле Инд. ПП Название Значение
Тип записи a
Библиографический уровень m
001 Контрольный номер ca5e04654d7f4f1c881f4e77c30e4436
005 Дата корректировки 20231120162007.7
040 b Код языка каталог. rus
041 0_ a Код языка текста rus
080 a Индекс УДК 004.77
084 a Индекс другой классификации/Индекс ББК 65.290
090 a Полочн. индекс 681.3
x Авторский знак С45
097 b Оператор 02
100 1_ a Автор Скриган В. А.
245 10 a Заглавие Автоматизация продвижения малого бизнеса в сети интернет: теория и программный продукт
b Продолж. заглавия дисс. на соиск. степени магистра техн. наук : 1-40 80 07
c Ответственность науч. рук. В. С. Князькова
260 c Дата издания 2023
a Место издания Минск
b Издательство БГУИР
300 a Объем 120 с.
e Сопроводительные материалы автореферат
510 0_ a Примечание о ссылках Диссертации и авторефераты диссертаций
653 0_ a Ключевые слова автоматизированные системы; бизнес; интернет; торговля; программные средства
901 t Тип документа d